logo

Bir Sreshtho Munshi Abdur Rouf Library
Jhenaidah Cadet College

Longmans colour geographies Contrasts in Russia unite 8 / (Record no. 5594)

MARC details
000 -LEADER
fixed length control field 00624nam a2200241 a 4500
001 - CONTROL NUMBER
JCCL Control Number 5594
003 - CONTROL NUMBER IDENTIFIER
JCCL marc code BD-JhCC
005 - DATE AND TIME OF LATEST TRANSACTION
control field 20180305194848.0
008 - FIXED-LENGTH DATA ELEMENTS--GENERAL INFORMATION
fixed length control field 171218s19581961e a|||| || | 000 0 eng d
035 ## - SYSTEM CONTROL NUMBER
system control number (BD-JhCC)5594
040 ## - CATALOGING SOURCE
Original cataloging agency BD-JhCC
Modifying agency BD-JhCC
041 ## - LANGUAGE CODE
Language code of Book eng
082 ## - DEWEY DECIMAL CLASSIFICATION NUMBER
Classification number 914.7
Author mark and Year HER 1961
100 ## - MAIN ENTRY--PERSONAL NAME
Personal name Herdman, T.
245 ## - TITLE STATEMENT
Title Longmans colour geographies Contrasts in Russia unite 8 /
Statement of responsibility, etc T. Herdman, M. Sc.
250 ## - EDITION STATEMENT
Edition statement 3rd ed.
260 ## - PUBLICATION, DISTRIBUTION, ETC. (IMPRINT)
Place of publication, distribution, etc London :
Name of publisher, distributor, etc Longmans,
Date of publication, distribution, etc 1961.
300 ## - PHYSICAL DESCRIPTION
Pagination 40 p. :
Other physical details ill. ;
Dimensions 20 cm.
650 ## - SUBJECT ADDED ENTRY--TOPICAL TERM
Topical term or geographic name as entry element Study skills
Geographic subdivision Russia
650 ## - SUBJECT ADDED ENTRY--TOPICAL TERM
Topical term or geographic name as entry element Travel
942 ## - ADDED ENTRY ELEMENTS (KOHA)
Source of classification or shelving scheme Dewey Decimal Classification
Koha item type Books
Holdings
Source of classification or shelving scheme Damaged status Not for loan Home library Current library Shelving location Total Checkouts Full call number Barcode Date last seen Copy number Koha item type
Dewey Decimal Classification     JCC Rouf Library JCC Rouf Library General Stacks   914.7 HER 1961 6477 12/18/2017 C - 1 Books
Dewey Decimal Classification     JCC Rouf Library JCC Rouf Library General Stacks   914.7 HER 1961 11910 03/05/2018 C - 2 Books

JCC Library | Contacts | JCC Home

Last Update on 23 September 2017
Copyright @ 2017-2020 JCC Rouf Library
Rouf Library, Jhenidah Cadet College (JCC), Bangladesh